All Passenger Airlines Serving IAH (Houston) - Statistics

General Stats
  • This quiz has been taken 30 times
    29 since last reset
  • The average score is 17 of 24
Answer Stats
Answer % Correct
British Airways
100%
Air France
94%
American
94%
Delta
94%
Air Canada
89%
Frontier
89%
KLM
89%
Lufthansa
89%
United
89%
Spirit
83%
Aeromexico
72%
Emirates
72%
JetBlue
72%
Volaris
72%
WestJet
72%
Air New Zealand
67%
Alaska Airlines
67%
Qatar Airways
67%
Turkish Airlines
67%
Viva
67%
EVA Air
44%
Zipair
22%
All Nippon Airlines
11%
Avianca El Salvador
11%
No matching quizzes found
Score Distribution
Percent of People with Each Score
Percentile by Number Answered
Your Score History
You have not taken this quiz since the last reset